Whose Line Is It Anyway? Quiz Stats

 Plays Quiz not verified by Sporcle

Support Sporcle.
Go Orange.
Score 0/20 Timer 03:00
0 Plays Today
% Correct
Punch Line
95.5%
Line of Latitude
91.8%
What's My Line?
91.2%
Hemline
91%
Straight Line
90.7%
Fishing Line
89.2%
Pick Up Line
89%
Lineup
87.8%
Novel's First Line
87.7%
A Chorus Line
86.2%
% Correct
Poverty Line
83.9%
Bottom Line
81.5%
Power Line
80.6%
Maginot Line
80.2%
Mason–Dixon Line
74.6%
Line in the Sand
66.9%
Pass Line
61.4%
Defensive Line
58.6%
Draw the Line
53.8%
Production Line
31.1%

You're not logged in!

Compare scores with friends on all Sporcle quizzes.
OR
Log In

From the Vault

Obscure Knowledge - US Presidents

by PenguinsMeercats

Knowing what other people don't know will help you out.
Remove Ads.
Support Sporcle.
Get the best of Sporcle when you Go Orange. This ad-free experience offers more features, more stats, and more fun while also helping to support Sporcle. Thank you for becoming a member.

Show Comments

Extras

Top Quizzes Today


Score Distribution

Your Account Isn't Verified!

In order to create a playlist on Sporcle, you need to verify the email address you used during registration. Go to your Sporcle Settings to finish the process.

Report this User

Report this user for behavior that violates our Community Guidelines.

Details: